000 00456nam a2200181Ia 4500
001 1902
005 20260306143803.0
008 260306t2015||||xx |||||||||||||| ||spa||
041 _aESP
082 _a158.1
_bH23
100 _aHasson, Gill
_eAUT
245 0 _aMindfulness eficaz:
_bpequeños ejercicios para vivir y trabajar mejor
260 _c2015
300 _a123 páginas :
_c21 cm.
650 _aGEN
654 _aCPS
942 _cLIB
_dJUS
_fJUS
_2ddc
_n
999 _c1902
_d1902